| 000 | 01268pam a2200373 a 4500 | ||
|---|---|---|---|
| 001 | 1122748 | ||
| 003 | OSt | ||
| 005 | 20140310184322.0 | ||
| 008 | 940107s1994 nyu j 000 1 eng | ||
| 010 | _a 94000445 | ||
| 020 |
_a0439123704 : _c$15.95 ($20.95 Can.) |
||
| 040 |
_aDLC _cDLC _dDLC |
||
| 042 | _alcac | ||
| 050 | 0 | 0 |
_aPZ 7 _b.C7834Dr 1994 |
| 100 | 1 |
_aCooney, Caroline B. _919795 |
|
| 245 | 1 | 0 |
_aDriver's Ed / _cCaroline B. Cooney. |
| 260 |
_aNew York, NY : _bScholastic Inc., _c1994. |
||
| 300 |
_a184 p. ; _c22 cm. |
||
| 521 | _aG4 | ||
| 526 | _c670 | ||
| 541 | _j1 | ||
| 541 | _j2 | ||
| 650 | 1 |
_aAutomobile driving _xFiction. _923624 |
|
| 650 | 1 |
_aHigh schools _xFiction. _923625 |
|
| 650 | 1 |
_aSchools _xFiction. _923626 |
|
| 650 | 1 |
_aDeath _xFiction. _923627 |
|
| 650 | 1 |
_aVandalism _xFiction. _923628 |
|
| 856 | 4 | 2 |
_3Contributor biographical information _uhttp://www.loc.gov/catdir/bios/random057/94000445.html |
| 856 | 4 | 2 |
_3Publisher description _uhttp://www.loc.gov/catdir/enhancements/fy0703/94000445-d.html |
| 906 |
_a7 _bcbc _corignew _d1 _eocip _f19 _gy-gencatlg |
||
| 942 |
_2lcc _cBK-SCHOLAS |
||
| 999 |
_c33605 _d33605 |
||